| 000 | 00477nam a22001697a 4500 | ||
|---|---|---|---|
| 008 | 230331b |||||||| |||| 00| 0 eng d | ||
| 040 |
_aNational Science Library _cNational Science Library |
||
| 080 |
_aR 92"04/14" _bL0 |
||
| 100 |
_aFines, John _95909 |
||
| 245 | _aWho's who in the middle ages | ||
| 260 |
_aLondon: _bAnthony Blond Limited, _c1970 |
||
| 300 | _axii, 218p. | ||
| 650 | _aGeography | ||
| 653 | _aGregory VII | ||
| 653 | _aStephen | ||
| 942 |
_2udc _cREF |
||
| 999 |
_c17030 _d17030 |
||